000
00211 a2200097 4500
001
45533
100
_a
Irving, J
245
_a
The hotel new hampshire
260
_a
London
_b
Black swan
_c
090
_c
28699
_d
28699
942
_a
NUST-CAE
_c
M
_c
20778
999
_c
280606
_d
280606